Maailman suurimmat kaupungit vuonna 1850 - Statistics

Yleistilastot
  • Tätä visaa on pelattu 551 kertaa
  • Keskiarvotulos 10 / 20
Vastaustilastot
Väkiluku Kaupunki % Oikein
2,3 milj. Lontoo
96%
1,3 milj. Pariisi
95%
700 000 New York
89%
400 000 Moskova
87%
500 000 Berliini
84%
600 000 Edo
83%
1,6 milj. Peking
81%
500 000 Pietari
72%
800 000 Konstantinopoli
62%
400 000 Wien
44%
400 000 Manchester
41%
600 000 Bombay
40%
400 000 Liverpool
33%
400 000 Napoli
32%
400 000 Kalkutta
26%
400 000 Philadelphia
22%
800 000 Kanton
17%
300 000 Glasgow
13%
700 000 Hangchow
3%
500 000 Soochow
3%
Ehtoja vastaavia visoja ei löytynyt
Tulosjakauma
Jokaisen tuloksen saaneiden osuus
Persentiili vastausten määrän mukaan
Tuloshistoriasi
Et ole pelannut tätä visaa